Statistics for guess the tv girl song

Click here to take the quiz!

General Stats

  • This quiz has been taken 185 times
  • The average score is 119 of 403

Answer Stats

Answer% Correct
i
83%
a
80%
s
78%
you
69%
love
66%
the
64%
he
62%
me
56%
when
51%
an
48%
it
45%
who
45%
to
44%
and
41%
do
40%
her
39%
my
38%
so
38%
your
38%
like
36%
was
36%
in
34%
we
34%
how
32%
they
31%
then
29%
for
28%
of
28%
on
28%
that
28%
sex
27%
but
24%
ever
24%
remember
24%
would
24%
bedroom
23%
just
23%
or
23%
as
22%
did
22%
heaven
22%
too
22%
way
22%
its
21%
it's
21%
at
20%
don't
20%
got
20%
with
20%
get
19%
if
19%
could
18%
make
18%
really
18%
start
18%
around
17%
came
17%
clouds
17%
felt
17%
have
17%
other
17%
pillows
17%
told
17%
had
16%
loud
16%
party
16%
salvation
16%
there
16%
didn't
15%
good
15%
them
15%
thinking
15%
this
15%
close
14%
into
14%
never
14%
right
14%
said
14%
say
14%
confess
13%
cried
13%
died
13%
first
13%
letter
13%
living
13%
room
13%
yell
13%
should
12%
someone
12%
already
11%
apologized
11%
new
11%
oh
11%
profusely
11%
snuck
11%
up
11%
wished
11%
any
10%
daughter
10%
feel
10%
follow
10%
forgive
10%
left
10%
played
10%
tomorrow
10%
always
9%
movies
9%
those
9%
uncle
9%
work
9%
you'll
9%
from
8%
ill
8%
man
8%
thought
8%
york
8%
before
7%
favorite
7%
heiress
6%
hold
6%
kissing
6%
nothing
6%
phone
6%
records
6%
rich
6%
til
6%
you'd
6%
apartment
5%
cold
5%
neighbour
5%
nervous
5%
onto
5%
picking
5%
princess
5%
stand
5%
weren't
5%
constant
4%
crush
4%
sunshine
4%
villan
4%
ay
3%
city's
3%
grasp
3%
land
3%
learned
3%
least
3%
lesson
3%
tightly
3%
wriggle
2%

Score Distribution

Percentile by Number Answered

Percent of People with Each Score

Your Score History

You have not taken this quiz